[Event "40th Olympiad Open"]
[Site "Istanbul TUR"]
[Date "2012.09.04"]
[Round "7.69"]
[Board "1"]
[White "Heiba, Mohamed"]
[Black "Prasad, Calvin"]
[Result "0-1"]
[BlackTitle "CM"]
[WhiteElo "1903"]
[BlackElo "2002"]
[WhiteTeam "Mauritania"]
[BlackTeam "Fiji"]
[WhiteFideId "19600089"]
[BlackFideId "11400072"]
[EventDate "2012.08.28"]

1. d4 Nf6 2. c4 c5 3. Nf3 g6 4. Nc3 cxd4 5. Nxd4 Bg7 6. g3 Nc6 7. Bg2 O-O 8. O-O
Qb6 9. e3 d6 10. Na4 Qc7 11. Nb5 Qd8 12. Bd2 Ne5 13. Qc2 a6 14. Nd4 Rb8 15. b3
b5 16. Nb2 Bd7 17. f4 Neg4 18. h3 Nh6 19. Nc6 Bxc6 20. Bxc6 Nf5 21. Rf3 Qb6 22.
cxb5 axb5 23. Rc1 Rfc8 24. Nd3 Ne4 25. Nb4 Nexg3 26. Qd3 e6 27. Kg2 Nh5 28. Rff1
d5 29. a4 bxa4 30. bxa4 Nxe3+ 31. Qxe3 Qxe3 32. Bxe3 Rxb4 33. a5 Rb2+ 34. Rf2
Rxf2+ 35. Kxf2 Bb2 36. Rc2 d4 37. Bd2 Bc3 38. Bb7 Rc5 39. Bxc3 dxc3 40. a6 Ra5
41. Rxc3 Nxf4 42. Rc8+ Kg7 43. h4 Nd5 44. Rc6 Nb4 45. Rb6 Nd5 46. Rc6 Kf6 47.
Kf3 Ke7 48. h5 gxh5 49. Rc8 Nb4 50. Ra8 Kd7 51. Ke3 h4 52. a7 Kc7 53. Bg2 Nd5+
54. Kd4 Kb7 55. Rf8 Kxa7 56. Rxf7+ Kb6 57. Rxh7 Kc6 58. Rh6 Kd6 59. Bxd5 Rxd5+
60. Ke4 Ra5 61. Kf3 Ra4 62. Rh8 Kd5 63. Rd8+ Ke5 64. Rh8 Ra3+ 65. Kg4 h3 66.
Rh5+ Ke4 67. Rh8 e5 68. Rh7 Rf3 69. Re7 h2 70. Rh7 Rf8 71. Kg3 Ke3 72. Kxh2 Rg8
73. Rf7 e4 74. Re7 Kf2 75. Rf7+ Ke2 76. Kh3 e3 77. Re7 Kf2 78. Rf7+ Ke1 79. Kh2
e2 80. Rd7 0-1

[Event "40th Olympiad Open"]
[Site "Istanbul TUR"]
[Date "2012.09.04"]
[Round "7.69"]
[Board "2"]
[White "Arora, Neel"]
[Black "Sidi Mbareck Mohamed"]
[Result "0-1"]
[WhiteElo "1861"]
[BlackElo "1947"]
[WhiteTeam "Fiji"]
[BlackTeam "Mauritania"]
[WhiteFideId "11400145"]
[BlackFideId "19600186"]
[EventDate "2012.08.28"]

1. e4 e5 2. Nf3 Nc6 3. Bb5 f5 4. Nc3 fxe4 5. Nxe4 Nf6 6. Ng3 e4 7. Qe2 Qe7 8.
Bxc6 dxc6 9. Ng5 Bg4 10. Qe3 O-O-O 11. N5xe4 h5 12. f3 h4 13. Nxf6 gxf6 14. Ne2
Be6 15. Nf4 Re8 16. O-O Bf7 17. Qxe7 Bxe7 18. c3 Bd6 19. d3 h3 20. g3 Bxf4 21.
Bxf4 Re2 22. Rf2 Rhe8 23. Kf1 R2e7 24. b3 Bg6 25. Rd2 c5 26. Kf2 f5 27. d4 cxd4
28. cxd4 Bf7 29. Be5 Bd5 30. Rc1 c6 31. b4 a6 32. a4 Kd7 33. a5 Ke6 34. g4 fxg4
35. fxg4 Rf7+ 36. Ke2 Ref8 37. Rg1 Rf2+ 38. Ke1 Rxd2 39. Kxd2 Rf2+ 40. Kc1 Rg2
41. Rf1 Rxg4 42. Rf6+ Ke7 43. Rh6 Bg2 44. Rh7+ Ke6 45. Rxb7 Kd5 46. Rb6 Bf1 47.
Kd2 Re4 48. Rb8 Kc4 49. Rf8 Bg2 50. Ra8 Kxb4 51. Rxa6 c5 52. Kd3 Rxe5 53. Rd6
c4+ 54. Kd2 Rxa5 55. Rb6+ Rb5 56. Rf6 c3+ 57. Kc2 Be4+ 58. Kc1 Kc4 0-1

[Event "40th Olympiad Open"]
[Site "Istanbul TUR"]
[Date "2012.09.04"]
[Round "7.70"]
[Board "1"]
[White "Harper, Ryan"]
[Black "Bacchas, Clevert"]
[Result "1-0"]
[WhiteTitle "FM"]
[WhiteElo "2222"]
[BlackElo "1944"]
[WhiteTeam "Trinidad & Tobago"]
[BlackTeam "Bermuda"]
[WhiteFideId "7700156"]
[BlackFideId "8800758"]
[EventDate "2012.08.28"]

1. e4 c5 2. Nf3 d6 3. d4 cxd4 4. Nxd4 Nf6 5. Nc3 a6 6. Be2 e6 7. O-O Be7 8. Kh1
Qc7 9. f4 Nc6 10. Be3 O-O 11. Qe1 b5 12. Nxc6 Qxc6 13. e5 Nd5 14. Bf3 Bb7 15.
Nxd5 exd5 16. c3 dxe5 17. fxe5 Bc5 18. Bg5 Qg6 19. Qh4 h6 20. Bf4 Rad8 21. Rae1
Bc8 22. b4 Bb6 23. Bh5 Qe6 24. Bd2 Rde8 25. Qg3 Bd8 26. Be3 Kh8 27. Bc5 Be7 28.
Bd4 Bd8 29. Re3 g6 30. Bg4 Qxg4 31. e6+ Qxd4 32. cxd4 Rxe6 33. Rxe6 Bxe6 34.
Qxg6 Bg5 35. Qh5 Kg7 36. a3 Rc8 37. h4 Bf6 38. Rxf6 Kxf6 39. Qxh6+ Ke7 40. Qg7
Kd6 41. h5 f5 42. h6 Rg8 43. Qe5+ Kd7 44. h7 1-0

[Event "40th Olympiad Open"]
[Site "Istanbul TUR"]
[Date "2012.09.04"]
[Round "7.70"]
[Board "2"]
[White "Dill, James"]
[Black "Joseph, Marcus"]
[Result "0-1"]
[WhiteElo "1923"]
[BlackElo "2206"]
[WhiteTeam "Bermuda"]
[BlackTeam "Trinidad & Tobago"]
[WhiteFideId "8800049"]
[BlackFideId "7700393"]
[EventDate "2012.08.28"]

1. e4 c5 2. Nf3 a6 3. d4 cxd4 4. Nxd4 Nf6 5. Nc3 d6 6. Be2 g6 7. O-O Bg7 8. Be3
O-O 9. Qd2 b5 10. a3 Bb7 11. Bf3 Qc7 12. Nd5 Nxd5 13. exd5 Nd7 14. c3 Ne5 15.
Bh6 Nxf3+ 16. Nxf3 e6 17. Bxg7 Kxg7 18. Rfe1 Bxd5 19. Ng5 Qc6 20. f3 Rad8 21.
Ne4 f5 22. Nf2 e5 23. Nd3 a5 24. Rad1 Bb3 25. Rc1 Rfe8 26. Nf2 Bc4 27. h4 d5 28.
Qg5 Qf6 29. Qxf6+ Kxf6 30. Rcd1 e4 31. fxe4 dxe4 32. Rxd8 Rxd8 33. Rd1 Rxd1+ 34.
Nxd1 f4 35. Kf2 e3+ 36. Ke1 a4 37. g3 Kf5 38. gxf4 Kxf4 39. b3 Bxb3 40. Nb2 Bc4
41. Nxc4 bxc4 42. Ke2 Ke4 43. Ke1 Kd3 44. Kd1 Kxc3 0-1

[Event "40th Olympiad Open"]
[Site "Istanbul TUR"]
[Date "2012.09.04"]
[Round "7.70"]
[Board "3"]
[White "Merritt, Mario"]
[Black "Cooper, Gary"]
[Result "1-0"]
[WhiteTitle "FM"]
[WhiteElo "2103"]
[BlackElo "1893"]
[WhiteTeam "Trinidad & Tobago"]
[BlackTeam "Bermuda"]
[WhiteFideId "7700148"]
[BlackFideId "8800022"]
[EventDate "2012.08.28"]

1. c4 c5 2. g3 Nc6 3. Bg2 g6 4. e3 Bg7 5. Ne2 Nf6 6. Nbc3 e6 7. O-O O-O 8. d4
cxd4 9. exd4 d5 10. cxd5 Nxd5 11. Nxd5 exd5 12. Qb3 Be6 13. Be3 b6 14. Rac1 Na5
15. Qb5 a6 16. Qb4 Re8 17. Nf4 Bf8 18. Qe1 Qd7 19. Nd3 Nc6 20. Qc3 Rac8 21. Qb3
Rb8 22. Qa4 Nb4 23. Qxd7 Bxd7 24. Nxb4 Bxb4 25. Bxd5 Rec8 26. Bf4 Rxc1 27. Rxc1
Rc8 28. Rc7 Rxc7 29. Bxc7 b5 30. Bb7 a5 31. d5 Kf8 32. Kf1 Ke8 33. Ke2 a4 34. f3
Ke7 35. Kd3 Bd6 36. Bb6 Be5 37. Bc5+ Kd8 38. b3 axb3 39. axb3 Kc7 40. Ba6 h5 41.
Ke4 Bf6 42. g4 hxg4 43. fxg4 Bxg4 44. Bxb5 Bf5+ 45. Kf4 Bd7 46. Bc4 Be8 47. b4
Bd7 48. d6+ Kc6 49. Bxf7 Bf5 50. Be8+ Kd5 51. Bf7+ Kc6 52. Bb3 Kb5 53. Bd5 Bd7
54. Bf7 g5+ 55. Ke4 Bc3 56. Kd5 Bc6+ 57. Ke6 1-0

[Event "40th Olympiad Open"]
[Site "Istanbul TUR"]
[Date "2012.09.04"]
[Round "7.71"]
[Board "3"]
[White "Murara, Maxence"]
[Black "Scott, Ian"]
[Result "0-1"]
[WhiteElo "1712"]
[BlackElo "1725"]
[WhiteTeam "Rwanda"]
[BlackTeam "Hong Kong"]
[WhiteFideId "16000013"]
[BlackFideId "6000878"]
[EventDate "2012.08.28"]

1. d4 Nf6 2. c4 e5 3. d5 Bc5 4. Bg5 Bxf2+ 5. Kxf2 Ng4+ 6. Ke1 Qxg5 7. Nf3 Qe3 8.
Nc3 Qf2+ 9. Kd2 Ne3 10. Qe1 Nxc4+ 11. Kc2 Qb6 12. Qc1 Ne3+ 13. Kb1 Qg6+ 0-1

[Event "40th Olympiad Open"]
[Site "Istanbul TUR"]
[Date "2012.09.04"]
[Round "7.72"]
[Board "1"]
[White "Hernandez, Roberto PLW"]
[Black "Punongbayan, Hexilon Dela Cruz"]
[Result "0-1"]
[WhiteElo "1875"]
[BlackElo "2091"]
[WhiteTeam "Palau"]
[BlackTeam "Macau"]
[WhiteFideId "16600010"]
[BlackFideId "15400409"]
[EventDate "2012.08.28"]

1. e4 c5 2. Nf3 d6 3. d4 cxd4 4. Nxd4 Nf6 5. Nc3 g6 6. Be3 Bg7 7. f3 Nc6 8. Qd2
O-O 9. O-O-O Qc7 10. g4 Re8 11. h4 a6 12. h5 Nxd4 13. Bxd4 Be6 14. hxg6 hxg6 15.
Qh2 Rec8 16. Bd3 Qa5 17. Kb1 b5 18. Nd5 Bxd5 19. exd5 b4 20. Bxf6 exf6 21. Qxd6
Rd8 22. Qh2 Qxd5 23. Qh7+ Kf8 24. Rde1 Re8 25. Be4 Qe5 26. Qh4 f5 27. c3 fxe4
28. Rxe4 Qd5 29. Rxb4 Rab8 30. Rxb8 Qd3+ 31. Ka1 Rxb8 32. Qe1 Qc2 33. Qc1 Rxb2
34. Qxc2 Rxc2 35. Kb1 Rxc3 36. Rf1 a5 37. Rf2 a4 38. Rc2 Rxc2 39. Kxc2 a3 40.
Kd3 Ke7 41. Kc4 Kd6 42. f4 f5 43. gxf5 gxf5 44. Kb3 Bb2 45. Kc4 Kc6 0-1

[Event "40th Olympiad Open"]
[Site "Istanbul TUR"]
[Date "2012.09.04"]
[Round "7.72"]
[Board "3"]
[White "Garcia, Bernardo"]
[Black "Celis, Joel"]
[Result "1-0"]
[WhiteElo "1663"]
[BlackElo "1810"]
[WhiteTeam "Palau"]
[BlackTeam "Macau"]
[WhiteFideId "16600096"]
[BlackFideId "15400212"]
[EventDate "2012.08.28"]

1. c4 e5 2. Nc3 Nf6 3. Nf3 Nc6 4. d3 d5 5. cxd5 Nxd5 6. g3 Be7 7. Bg2 Nb6 8. O-O
Be6 9. Re1 O-O 10. a3 Kh8 11. Ne4 f5 12. Nc3 Bf6 13. Rb1 a5 14. e4 Qd7 15. Ng5
Bg8 16. exf5 Qxf5 17. Be4 Qd7 18. Qh5 Bxg5 19. Bxg5 Rab8 20. g4 Nd4 21. Re3 Qf7
22. Qh4 Ne6 23. Rf3 Nf4 24. Re1 h6 25. Ne2 Bh7 26. Nxf4 Bxe4 27. Rxe4 Kg8 28.
Rxe5 hxg5 29. Rxg5 Qd7 30. Rh5 Kf7 31. Nd5+ Ke6 32. Nxb6 cxb6 33. Re3+ Kd6 34.
Qg3+ Kc6 35. Qg2+ Kc7 36. Rd5 Qa4 37. Qg3+ Kc8 38. Re1 Rf6 39. g5 Rg6 40. Rc1+
Qc6 41. Qh3+ Re6 42. Qxe6+ 1-0

[Event "40th Olympiad Open"]
[Site "Istanbul TUR"]
[Date "2012.09.04"]
[Round "7.73"]
[Board "3"]
[White "Creswell, Reece"]
[Black "Jouault, Louis"]
[Result "0-1"]
[WhiteElo "1765"]
[BlackElo "1966"]
[WhiteTeam "Us Virgin Islands"]
[BlackTeam "Jersey"]
[WhiteFideId "6800262"]
[BlackFideId "15600130"]
[EventDate "2012.08.28"]

1. d4 Nf6 2. Nf3 e6 3. Bf4 Be7 4. h3 b6 5. e3 Ba6 6. Bd3 d5 7. Qe2 Bxd3 8. Qxd3
c5 9. c3 c4 10. Qe2 Ne4 11. Nbd2 Nxd2 12. Qxd2 Nc6 13. O-O b5 14. a3 a5 15. Ne5
Nxe5 16. Bxe5 f6 17. Bg3 Bd6 18. f4 g5 19. Rf3 Qc7 20. Raf1 h5 21. Qe2 g4 22.
hxg4 hxg4 23. R3f2 Qh7 24. Rf3 gxf3 25. Qxf3 f5 26. Kf2 Qh5 27. Ke2 Kd7 28. Be1
Rag8 29. g3 Qxf3+ 30. Kxf3 Rh2 0-1

[Event "40th Olympiad Open"]
[Site "Istanbul TUR"]
[Date "2012.09.04"]
[Round "7.73"]
[Board "4"]
[White "Mooney, Graham"]
[Black "Smith, Michael ISV"]
[Result "1-0"]
[WhiteElo "1938"]
[BlackElo "1596"]
[WhiteTeam "Jersey"]
[BlackTeam "Us Virgin Islands"]
[WhiteFideId "15600106"]
[BlackFideId "6800092"]
[EventDate "2012.08.28"]

1. e4 c6 2. d4 d5 3. Nc3 dxe4 4. Nxe4 Nf6 5. Nxf6+ gxf6 6. Bc4 Bf5 7. Ne2 Nd7 8.
c3 e6 9. h4 Bd6 10. Ng3 Bxg3 11. fxg3 Rg8 12. O-O Rxg3 13. Rxf5 Qe7 14. Rf2
O-O-O 15. Bf1 Rdg8 16. Qa4 Rh3 17. Qxa7 Rxh4 18. Bf4 e5 19. dxe5 fxe5 20. Re1 1-0

[Event "40th Olympiad Open"]
[Site "Istanbul TUR"]
[Date "2012.09.04"]
[Round "7.77"]
[Board "2"]
[White "Grigorchuk, Sergey"]
[Black "Quesada Perez, Yuniesky"]
[Result "1/2-1/2"]
[BlackTitle "GM"]
[WhiteElo "2298"]
[BlackElo "2626"]
[WhiteTeam "IBCA"]
[BlackTeam "Cuba"]
[WhiteFideId "14114879"]
[BlackFideId "3504409"]
[EventDate "2012.08.28"]

1. d4 Nf6 2. c4 e6 3. Nf3 b6 4. g3 Bb7 5. Bg2 Bb4+ 6. Bd2 a5 7. O-O O-O 8. Nc3
d6 9. Qc2 Nbd7 10. Rfe1 Bxc3 11. Bxc3 Be4 12. Qd2 Qb8 13. b3 c6 14. Qb2 Qb7 15.
a4 h6 16. Bf1 d5 17. Nd2 Bg6 18. Bg2 b5 19. axb5 cxb5 20. cxd5 exd5 21. Bxa5
Rfc8 22. Bb4 Rc2 23. Rxa8+ Qxa8 24. Qa1 Qe8 25. e3 Ne4 26. Nxe4 Bxe4 27. Rc1 Qc8
28. Rxc2 Qxc2 29. Bxe4 dxe4 30. Qc3 Qd1+ 31. Kg2 Qf3+ 32. Kg1 Nf6 33. h3 Kh7 34.
Bd6 Qd1+ 35. Kg2 Nd5 36. Qc8 Qf3+ 37. Kg1 h5 38. Bf4 Qd1+ 39. Kg2 Qf3+ 40. Kg1
Qd1+ 1/2-1/2

[Event "40th Olympiad Open"]
[Site "Istanbul TUR"]
[Date "2012.09.04"]
[Round "7.77"]
[Board "4"]
[White "Ross, Chris N"]
[Black "Ortiz Suarez, Isan Reynaldo"]
[Result "0-1"]
[BlackTitle "GM"]
[WhiteElo "2231"]
[BlackElo "2569"]
[WhiteTeam "IBCA"]
[BlackTeam "Cuba"]
[WhiteFideId "410411"]
[BlackFideId "3507165"]
[EventDate "2012.08.28"]

1. e4 c5 2. Nf3 e6 3. d4 cxd4 4. Nxd4 Nf6 5. Nc3 d6 6. Bd3 a6 7. O-O b5 8. Qe2
Bb7 9. Kh1 Be7 10. f4 O-O 11. Bd2 b4 12. Na4 d5 13. e5 Ne4 14. Be3 Nd7 15. f5
exf5 16. e6 Ndf6 17. exf7+ Rxf7 18. Nxf5 Bf8 19. Nd4 Qe8 20. Nb6 Rd8 21. Rae1
Bc5 22. Ne6 Bxb6 23. Nxd8 Qxd8 24. Bxa6 Bxe3 25. Bxb7 Nf2+ 0-1

[Event "40th Olympiad Open"]
[Site "Istanbul TUR"]
[Date "2012.09.04"]
[Round "7.78"]
[Board "1"]
[White "Obodchuk, Andrei"]
[Black "Wiedenkeller, Michael"]
[Result "1/2-1/2"]
[WhiteTitle "IM"]
[BlackTitle "IM"]
[WhiteElo "2399"]
[BlackElo "2475"]
[WhiteTeam "IPCA"]
[BlackTeam "Luxembourg"]
[WhiteFideId "4114310"]
[BlackFideId "1700146"]
[EventDate "2012.08.28"]

1. d4 Nf6 2. c4 e6 3. g3 d5 4. Nf3 dxc4 5. Bg2 Nc6 6. Qa4 Bb4+ 7. Bd2 Nd5 8.
Bxb4 Nxb4 9. Nc3 a6 10. Ne5 Bd7 11. Nxd7 b5 12. Qd1 Qxd7 13. a3 Nd5 14. Ne4 O-O
15. Nc5 Qe7 16. O-O Rfd8 17. e3 e5 18. Nb7 exd4 19. Nxd8 Rxd8 20. exd4 Qf6 21.
Re1 g6 22. Re4 Qd6 23. Rh4 Nde7 24. d5 Ne5 25. Qe2 Nxd5 26. Re4 Nd3 27. Re8+
Rxe8 28. Qxe8+ Kg7 29. Rd1 Nf6 30. Qe2 Qd4 31. Rd2 h5 32. Bf3 c5 33. Kg2 Ng4 34.
Qe4 Nge5 35. Kf1 c3 36. bxc3 Qxc3 37. Rd1 c4 38. Be2 Qxa3 39. Qd4 Kg8 40. f4 Nc6
41. Qe3 Ncb4 42. f5 Nd5 43. Qd4 N3b4 44. fxg6 fxg6 45. Qe4 Ne3+ 46. Kg1 Nxd1 47.
Qe8+ Kg7 48. Qe7+ Kg8 1/2-1/2

[Event "40th Olympiad Open"]
[Site "Istanbul TUR"]
[Date "2012.09.04"]
[Round "7.78"]
[Board "2"]
[White "Serban, Vlad"]
[Black "Yarmonov, Igor"]
[Result "0-1"]
[BlackTitle "IM"]
[WhiteElo "2280"]
[BlackElo "2333"]
[WhiteTeam "Luxembourg"]
[BlackTeam "IPCA"]
[WhiteFideId "4001060"]
[BlackFideId "14114496"]
[EventDate "2012.08.28"]

1. e4 d5 2. exd5 Nf6 3. d4 Nxd5 4. Nf3 e6 5. Be2 Be7 6. c4 Nf6 7. Be3 Nbd7 8.
Nc3 a6 9. O-O O-O 10. Qc2 c5 11. dxc5 Bxc5 12. Bxc5 Nxc5 13. b4 Ncd7 14. Rfd1
Qc7 15. Ne4 b6 16. Nd6 a5 17. Nb5 Qb8 18. c5 axb4 19. c6 Nc5 20. Rd4 b3 21. Qb2
bxa2 22. Rxa2 Ba6 23. Nd2 Bxb5 24. Bxb5 Rxa2 25. Qxa2 Nd5 26. Qb2 Qe5 27. Nf3
Qf6 28. Qa3 h6 29. Qa7 Rc8 30. Bc4 Qe7 31. Qxe7 Nxe7 32. Bb5 Nxc6 33. Rd6 Na7
34. Bf1 Rb8 35. Ne5 b5 36. Nd3 Nxd3 37. Bxd3 b4 38. Kf1 b3 39. Ra6 Nb5 40. Bxb5
Rxb5 41. Ra1 Kh7 42. Ke2 Kg6 43. Kd3 b2 44. Rb1 Kf5 45. Kc3 Ke4 46. Re1+ Kf4 47.
Rb1 h5 48. Rxb2 Rxb2 49. Kxb2 h4 50. h3 g5 51. Kc2 f5 52. Kd2 g4 53. Ke2 gxh3
54. gxh3 e5 55. Ke1 Kf3 0-1

[Event "40th Olympiad Open"]
[Site "Istanbul TUR"]
[Date "2012.09.04"]
[Round "7.78"]
[Board "3"]
[White "Mikheev, Stanislav"]
[Black "Wagener, Claude"]
[Result "1-0"]
[WhiteTitle "IM"]
[BlackTitle "FM"]
[WhiteElo "2244"]
[BlackElo "2261"]
[WhiteTeam "IPCA"]
[BlackTeam "Luxembourg"]
[WhiteFideId "4135920"]
[BlackFideId "4000471"]
[EventDate "2012.08.28"]

1. d4 Nf6 2. c4 g6 3. Nc3 d5 4. cxd5 Nxd5 5. Bd2 Bg7 6. e4 Nb6 7. Be3 O-O 8. h3
e5 9. Nf3 exd4 10. Bxd4 Nc6 11. Bxg7 Kxg7 12. Bb5 Na5 13. O-O Be6 14. Qc1 Qe7
15. Re1 c6 16. Bf1 Rfd8 17. b3 c5 18. Nd5 Rxd5 19. exd5 Nxd5 20. Qb2+ Qf6 21.
Qxf6+ Kxf6 22. Rad1 Rc8 23. Ne5 Rc7 24. Nc4 Nc6 25. Nd6 Ke7 26. Rxd5 Rd7 27.
Nc8+ Kd8 28. Rxd7+ Kxd7 29. Rc1 Kxc8 30. Rxc5 Kc7 31. Rc1 Kb6 32. Bc4 Ka5 33.
Bxe6 fxe6 34. Rc4 Nb4 35. a3 Nd3 36. Kf1 b5 37. Rc6 1-0

[Event "40th Olympiad Open"]
[Site "Istanbul TUR"]
[Date "2012.09.05"]
[Round "8.3"]
[Board "3"]
[White "Akopian, Vladimir"]
[Black "Dzhumaev, Marat"]
[Result "1-0"]
[WhiteTitle "GM"]
[BlackTitle "GM"]
[WhiteElo "2687"]
[BlackElo "2499"]
[WhiteTeam "Armenia"]
[BlackTeam "Uzbekistan"]
[WhiteFideId "13300032"]
[BlackFideId "14200236"]
[EventDate "2012.08.28"]

1. e4 e5 2. Nf3 Nc6 3. Bb5 a6 4. Ba4 Nge7 5. Bb3 d5 6. Nc3 Be6 7. Ng5 Nd4 8.
Nxe6 fxe6 9. d3 Ng6 10. Qg4 Bb4 11. O-O c6 12. Be3 Qh4 13. Qxh4 Nxh4 14. Bxd4
exd4 15. Ne2 Bc5 16. Ng3 Rf8 17. f4 Kd7 18. Rae1 Rae8 19. Re2 Re7 20. Rff2 Bd6
21. Nf1 dxe4 22. Rxe4 c5 23. f5 Nxf5 24. g4 g6 25. gxf5 gxf5 26. Rh4 Be5 27. Nd2
Bf6 28. Rh5 b5 29. Kf1 Rg7 30. Re2 Re7 31. Nf3 Kd6 32. Rh6 Kd7 33. Rh5 1-0

[Event "40th Olympiad Open"]
[Site "Istanbul TUR"]
[Date "2012.09.05"]
[Round "8.3"]
[Board "4"]
[White "Kvon, Andrey"]
[Black "Sargissian, Gabriel"]
[Result "0-1"]
[WhiteTitle "IM"]
[BlackTitle "GM"]
[WhiteElo "2492"]
[BlackElo "2693"]
[WhiteTeam "Uzbekistan"]
[BlackTeam "Armenia"]
[WhiteFideId "14201356"]
[BlackFideId "13300881"]
[EventDate "2012.08.28"]

1. c4 e6 2. Nf3 Nf6 3. g3 d5 4. Bg2 Be7 5. O-O O-O 6. b3 b6 7. Bb2 Bb7 8. e3
dxc4 9. bxc4 c5 10. Qe2 Nc6 11. Rd1 Qc7 12. Nc3 Rfd8 13. Rac1 Na5 14. d3 a6 15.
Ng5 Bxg2 16. Kxg2 Qb7+ 17. Qf3 Qxf3+ 18. Nxf3 Nc6 19. Kf1 Nd7 20. a4 g5 21. Ke2
g4 22. Ne1 f5 23. Nb1 Kf7 24. Ng2 Bf6 25. Bxf6 Nxf6 26. Nc3 a5 27. Nh4 Rd7 28.
Rb1 Nb4 29. Rb3 Rad8 30. Nb5 h5 31. Ra3 Ng8 32. h3 Ne7 33. hxg4 hxg4 34. d4 Kf6
35. f3 Rg8 36. Kf2 Nec6 37. fxg4 fxg4 38. Kg1 Ke7 39. Rb3 Ne5 40. Rc1 Nec6 41.
Rd1 Rg5 42. Rd2 Ne5 43. Rc3 Nf7 44. Rc1 Ne5 45. Kg2 Rd8 46. Rdd1 Nf7 47. Rd2 Nd6
48. Nxd6 Rxd6 49. Rf1 Rd8 50. Rdf2 cxd4 51. Rf7+ Kd6 52. exd4 Nc2 53. c5+ bxc5
54. dxc5+ Kc6 55. Rb1 Rxc5 56. Ng6 Rd2+ 57. Kg1 Nd4 58. Ne7+ Kd6 59. Rb6+ Ke5
60. Ng6+ Ke4 61. Rf4+ Ke3 0-1

[Event "40th Olympiad Open"]
[Site "Istanbul TUR"]
[Date "2012.09.05"]
[Round "8.6"]
[Board "4"]
[White "Paragua, Mark"]
[Black "Pert, Nicholas"]
[Result "1/2-1/2"]
[WhiteTitle "GM"]
[BlackTitle "GM"]
[WhiteElo "2508"]
[BlackElo "2555"]
[WhiteTeam "Philippines"]
[BlackTeam "England"]
[WhiteFideId "5201241"]
[BlackFideId "403989"]
[EventDate "2012.08.28"]

1. d4 d5 2. Nf3 Nf6 3. c4 c6 4. e3 Bf5 5. Nc3 e6 6. Nh4 Bg6 7. Nxg6 hxg6 8. a3
Nbd7 9. g3 Ne4 10. cxd5 exd5 11. Nxe4 dxe4 12. Qb3 Qc7 13. Bg2 Nf6 14. h3 Bd6
15. g4 O-O-O 16. Bd2 Rhe8 17. Qa4 Kb8 18. Ba5 b6 19. Bd2 Nd5 20. Rc1 Rc8 21. h4
f5 22. gxf5 gxf5 23. Bh3 Qd7 24. Rg1 Rh8 25. Rg5 g6 26. h5 Ne7 27. Qc4 Rh7 28.
Bf1 Rxh5 29. Rxh5 gxh5 30. Qf7 Qe8 31. Qe6 Qg6 32. Qd7 Rc7 33. Qd8+ Rc8 34. Qd7
Rc7 35. Qd8+ Rc8 36. Qd7 Rc7 37. Qd8+ 1/2-1/2

[Event "40th Olympiad Open"]
[Site "Istanbul TUR"]
[Date "2012.09.05"]
[Round "8.9"]
[Board "4"]
[White "Postny, Evgeny"]
[Black "Perez Candelario, Manuel"]
[Result "1-0"]
[WhiteTitle "GM"]
[BlackTitle "GM"]
[WhiteElo "2638"]
[BlackElo "2575"]
[WhiteTeam "Israel"]
[BlackTeam "Spain"]
[WhiteFideId "2804344"]
[BlackFideId "2210622"]
[EventDate "2012.08.28"]

1. d4 d5 2. c4 e6 3. Nf3 Nf6 4. g3 dxc4 5. Bg2 a6 6. O-O Nc6 7. Bg5 Be7 8. e3
Bd7 9. Qc1 b5 10. Nbd2 Nd5 11. Bxe7 Ncxe7 12. e4 Nb6 13. b3 O-O 14. Rd1 cxb3 15.
Nxb3 a5 16. Nc5 Ra7 17. Ne5 Be8 18. Rb1 Qd6 19. Bf1 c6 20. Ng4 f5 21. Ne5 h6 22.
Qe3 Bg6 23. Rbc1 Bh7 24. f3 Kh8 25. a3 Bg8 26. Bd3 Qd8 27. Bb1 Rf6 28. Kh1 Qe8
29. g4 Bh7 30. Rg1 fxe4 31. fxe4 Ng8 32. Ncd3 Rc7 33. Nf4 Nd7 34. Nxd7 Qxd7 35.
e5 Rxf4 36. Qxf4 Qd5+ 37. Rg2 Bxb1 38. Rxb1 Rd7 39. Rc1 Ne7 40. g5 hxg5 41. Qxg5
Nf5 42. Qh5+ Kg8 43. Qe8+ Kh7 44. Rc3 Qe4 45. Qg6+ Kg8 46. Qe8+ Kh7 47. Rh3+ Nh6
48. Rg3 Rf7 49. h3 Rf1+ 50. Kh2 Nf5 51. Qg6+ Kg8 52. Qxe6+ Kh7 53. Rg4 Qb1 54.
Qg6+ Kg8 55. Qe8+ Kh7 56. Qg6+ Kg8 57. Rg1 Qc2+ 58. R4g2 Rf2 59. Qe8+ Kh7 60.
Qg6+ Kg8 61. e6 Rxg2+ 62. Rxg2 Qe4 63. Rf2 1-0

[Event "40th Olympiad Open"]
[Site "Istanbul TUR"]
[Date "2012.09.05"]
[Round "8.10"]
[Board "3"]
[White "Neiksans, Arturs"]
[Black "Sokolov, Ivan"]
[Result "0-1"]
[WhiteTitle "GM"]
[BlackTitle "GM"]
[WhiteElo "2537"]
[BlackElo "2696"]
[WhiteTeam "Latvia"]
[BlackTeam "Netherlands"]
[WhiteFideId "11601388"]
[BlackFideId "14400030"]
[EventDate "2012.08.28"]

1. e4 e5 2. Nf3 Nc6 3. d4 exd4 4. Nxd4 Bc5 5. Nb3 Bb4+ 6. Bd2 a5 7. a3 Be7 8.
Nc3 a4 9. Nc1 Nf6 10. Bb5 O-O 11. N1e2 Bc5 12. O-O Re8 13. Bg5 h6 14. Bh4 d6 15.
Kh1 g5 16. Bg3 Nxe4 17. Nxe4 Rxe4 18. Nc3 Rd4 19. Qh5 Qf6 20. f4 gxf4 21. Bxf4
Rxf4 22. Nd5 Rxf1+ 23. Rxf1 Qg6 24. Qxg6+ fxg6 25. Nxc7 Rb8 26. Bc4+ d5 27.
Bxd5+ Kh8 28. Be4 Ne5 29. Rd1 Bg4 30. Rd5 Bb6 31. Nb5 Nc4 32. Bxg6 Rf8 33. Bd3
Nxb2 34. h3 Nxd3 35. cxd3 Rf5 36. Nc3 Rf1+ 37. Kh2 Bc7+ 0-1

[Event "40th Olympiad Open"]
[Site "Istanbul TUR"]
[Date "2012.09.05"]
[Round "8.10"]
[Board "4"]
[White "Smeets, Jan"]
[Black "Samolins, Vitalijs"]
[Result "1-0"]
[WhiteTitle "GM"]
[BlackTitle "IM"]
[WhiteElo "2608"]
[BlackElo "2404"]
[WhiteTeam "Netherlands"]
[BlackTeam "Latvia"]
[WhiteFideId "1007246"]
[BlackFideId "11602112"]
[EventDate "2012.08.28"]

1. e4 Nf6 2. e5 Nd5 3. d4 d6 4. Nf3 dxe5 5. Nxe5 c6 6. Be2 Nd7 7. Nf3 Qc7 8. O-O
e6 9. Re1 Be7 10. c4 Nf4 11. Bf1 O-O 12. Nc3 Ng6 13. Bg5 Bxg5 14. Nxg5 Nf6 15.
Bd3 Rd8 16. Nf3 b6 17. Bxg6 hxg6 18. Qe2 c5 19. Qe5 Qxe5 20. dxe5 Ne8 21. Rad1
Bb7 22. Ng5 Kf8 23. f4 Ke7 24. Kf2 Bc6 25. g3 Rab8 26. a3 a5 27. b3 Rb7 28. Rxd8
Kxd8 29. Rd1+ Ke7 30. Na4 f6 31. Nf3 Rb8 32. Ke3 Rb7 33. Nh4 g5 34. fxg5 fxg5
35. Nf3 g4 36. Ng5 Rb8 37. Rf1 Bf3 38. Nxf3 gxf3 39. Rxf3 b5 40. Nxc5 Nc7 41.
Kf4 Rc8 42. Ke4 bxc4 43. bxc4 Na6 44. Nxa6 Rxc4+ 45. Kd3 Rc6 46. Nb4 axb4 47.
axb4 Rc1 48. h4 Rb1 49. Kc4 Re1 50. Kd4 Rb1 51. Kc5 Re1 52. b5 Rxe5+ 53. Kc6 Re1
54. b6 Rc1+ 55. Kb7 e5 56. Ra3 Ke6 57. Ka7 e4 58. b7 Rb1 59. Ra5 1-0